00584 a2200157 4500082001500000090001500015100001700030245005000047260005400097300003300151500003700184650002200221942002200243999001500265952014600280 a 954.91092 c1253d1253 a Zahid Malik aDr.A.Q.khan and the islamic bombcZahid Malik aIslamabad:bHurmat Publication (Pvt) Ltd.,c1992. aiv, 353 p.b : ill. ;c24 cm aDr.A.Q.khan and the islamic bomb a Nuclear weapons. cBKk954.91092 ZAH c5211d5211 001040708NFICaCLbCLcGENd2003-01-17eIdris Book Bank g425.00l2m1o954.91092 ZAHpSEECS002961r2025-12-19s2025-11-20w2017-01-05yBK